000
00196 a2200097 4500
020
_a
9788408033226
041
_a
spa
100
_a
Luis Racionero
245
_a
La sonrisa de la Gioconda
942
_c
K
999
_c
26670
_d
26670